[Event "V Weekend"]
[Site "Castelfidardo ITA"]
[Date "2001.11.24"]
[Round "4"]
[White "Fioravanti, Emidio"]
[Black "Giobbi, Costantino"]
[Result "0-1"]
[WhiteElo "1720"]
[BlackElo "1686"]
[PlyCount "136"]
[EventDate "2001.11.17"]

1. e4 c5 2. Nf3 e6 3. d4 cxd4 4. Nxd4 a6 5. g3 d6 6. Nc3 Nc6 7. Be3 Nge7 8. Bg2
Nxd4 9. Bxd4 Nc6 10. Be3 Be7 11. f4 b5 12. Qg4 g6 13. e5 d5 14. Rd1 Bb7 15. O-O
h5 16. Qe2 Rc8 17. Ne4 Qc7 18. Nc5 Na5 19. Nxb7 Qxb7 20. c3 Qc6 21. Kh1 Qc4 22.
Qf2 Qc6 23. b4 Nc4 24. Bd4 Kd7 25. h4 Ra8 26. Ra1 a5 27. a3 axb4 28. axb4 Rxa1
29. Rxa1 Ra8 30. Qe1 Ra6 31. Kh2 Qa8 32. Rxa6 Qxa6 33. Qf2 Qa1 34. Bf1 Bd8 35.
Bg2 Qa6 36. Bf1 Qa4 37. Ba7 Qa6 38. Qc5 Be7 39. Qd4 Qa2+ 40. Bg2 Ke8 41. Kh3
Qa1 42. Bc5 Bd8 43. g4 hxg4+ 44. Kxg4 Qe1 45. h5 gxh5+ 46. Kf3 Nd2+ 47. Qxd2
Qxd2 48. Bd4 Qd1+ 49. Ke3 Bh4 50. Bf3 Qc2 51. Bxh5 Qe4+ 52. Kd2 Qxf4+ 53. Be3
Qxe5 54. Be2 Bg5 55. Bxb5+ Ke7 56. Bxg5+ Qxg5+ 57. Kc2 d4 58. c4 e5 59. Bc6 Qe3
60. b5 Qc3+ 61. Kb1 d3 62. Bf3 Qxc4 63. Kb2 Qxb5+ 64. Kc3 f5 65. Bd1 e4 66. Ba4
Qxa4 67. Kb2 d2 68. Kc3 d1=Q 0-1

[Event "V Weekend"]
[Site "Castelfidardo ITA"]
[Date "2001.11.24"]
[Round "4"]
[White "Fratini, Mauro"]
[Black "Damiani, Lorenzo"]
[Result "0-1"]
[WhiteElo "1455"]
[BlackElo "1549"]
[PlyCount "90"]
[EventDate "2001.11.17"]

1. d4 d5 2. Nf3 e6 3. Bf4 Nf6 4. e3 c5 5. c3 Nc6 6. Nbd2 Be7 7. Bd3 Nh5 8. Bg3
cxd4 9. exd4 Nxg3 10. hxg3 g6 11. Qe2 Bf6 12. Ne5 Nxe5 13. dxe5 Bg7 14. f4 Bd7
15. Nf3 Qe7 16. Ng5 h6 17. Nf3 a6 18. a4 O-O 19. Nh2 Be8 20. Ng4 h5 21. Ne3 f5
22. exf6 Qxf6 23. Nc2 Bf7 24. O-O-O Rac8 25. Kb1 Rc5 26. Nd4 Rfc8 27. Rc1 e5
28. Nb3 R5c7 29. fxe5 Qxe5 30. Qf2 Qe8 31. Qf4 d4 32. cxd4 Rxc1+ 33. Rxc1 Bxb3
34. Rc3 Rxc3 35. bxc3 Qxa4 36. Bxg6 Qa2+ 37. Kc1 Qa1+ 38. Kd2 Qb2+ 39. Ke1
Qxc3+ 40. Kf2 Qxd4+ 41. Qe3 Qxe3+ 42. Kxe3 a5 43. Kd3 a4 44. Kd2 a3 45. Bb1 b5
0-1

[Event "V Weekend"]
[Site "Castelfidardo ITA"]
[Date "2001.11.24"]
[Round "4"]
[White "Gaoni, Vincenzo"]
[Black "Morici, Marco"]
[Result "0-1"]
[WhiteElo "1800"]
[BlackElo "1627"]
[PlyCount "86"]
[EventDate "2001.11.17"]

1. e4 e6 2. d4 d5 3. e5 c5 4. c3 Qb6 5. Nf3 Nc6 6. Bd3 cxd4 7. cxd4 Bd7 8. O-O
Nxd4 9. Nxd4 Qxd4 10. Nc3 a6 11. Qe2 Rc8 12. Kh1 Ne7 13. Rd1 Qb6 14. a4 Ng6 15.
a5 Qc7 16. f4 Bb4 17. Bd2 Bxc3 18. bxc3 O-O 19. Rdb1 Bc6 20. Be3 Qd7 21. Qf2
Qe7 22. Bc5 Qd8 23. Bxf8 Nxf8 24. Rb4 Qe7 25. Rab1 Nd7 26. Qc2 g6 27. Qe2 Nc5
28. Bc2 Bb5 29. Qe3 Qd7 30. g4 Qc6 31. Kg1 Ne4 32. c4 Bxc4 33. Bxe4 dxe4 34.
Rc1 Qd5 35. f5 exf5 36. gxf5 Rc5 37. f6 Rc7 38. Qh6 Qd4+ 39. Kg2 Bf1+ 40. Rxf1
Rc2+ 41. Kg3 Qd3+ 42. Kg4 Rg2+ 43. Kf4 Qd2+ 0-1

[Event "V Weekend"]
[Site "Castelfidardo ITA"]
[Date "2001.11.24"]
[Round "4"]
[White "Mircoli, Filippo"]
[Black "Marconi, Andrea"]
[Result "1-0"]
[WhiteElo "1576"]
[BlackElo "1417"]
[PlyCount "109"]
[EventDate "2001.11.17"]

1. e4 d6 2. d4 Nf6 3. Nc3 g6 4. f4 e5 5. fxe5 dxe5 6. Nf3 exd4 7. Nxd4 Bb4 8.
Bg5 Be7 9. Be2 Nxe4 10. Bxe7 Qxe7 11. Nd5 Qh4+ 12. g3 Nxg3 13. Nf3 Qd8 14. hxg3
c6 15. Qd4 O-O 16. Nf6+ Qxf6 17. Qxf6 Nd7 18. Qh4 h5 19. O-O-O Nc5 20. Qd4 b6
21. Ng5 Bf5 22. Bxh5 Rad8 23. Qxd8 Rxd8 24. Rxd8+ Kg7 25. Bf3 Kf6 26. Nh7+ Kg7
27. Bxc6 Ne6 28. Ra8 Nd4 29. Ba4 b5 30. Bb3 Nxb3+ 31. axb3 Be4 32. Rh2 Bxa8 33.
Ng5 Kf6 34. Nh3 g5 35. Rf2+ Kg6 36. Kd2 f5 37. Ke3 Be4 38. c3 Bd5 39. b4 Be6
40. Rd2 f4+ 41. gxf4 Bxh3 42. fxg5 Kxg5 43. Rd5+ Kf6 44. Rxb5 Bf1 45. Rc5 Ke6
46. Kd4 Kd6 47. Rf5 Be2 48. Rf6+ Kc7 49. Kc5 a6 50. c4 Bd3 51. Rxa6 Kb7 52. Rd6
Be2 53. Rd7+ Kc8 54. Re7 Kd8 55. Rxe2 1-0

[Event "V Weekend"]
[Site "Castelfidardo ITA"]
[Date "2001.11.24"]
[Round "4"]
[White "Nagni, Marco"]
[Black "Esposito, Salvatore"]
[Result "1-0"]
[WhiteElo "1549"]
[BlackElo "1659"]
[PlyCount "41"]
[EventDate "2001.11.17"]

1. d4 e6 2. c4 Nf6 3. Nc3 Bb4 4. e3 O-O 5. Bd3 Bxc3+ 6. bxc3 b6 7. Ne2 Bb7 8.
O-O d6 9. Ng3 c5 10. e4 Nbd7 11. f4 e5 12. fxe5 dxe5 13. d5 Re8 14. Nf5 Nf8 15.
Bg5 h6 16. Nxh6+ gxh6 17. Bxf6 Qd7 18. Qh5 Kh7 19. Bg5 Ng6 20. Qxh6+ Kg8 21.
Bf6 1-0

[Event "V Weekend"]
[Site "Castelfidardo ITA"]
[Date "2001.11.24"]
[Round "4"]
[White "Padovani, Alessio"]
[Black "Fioravanti, Diego"]
[Result "1-0"]
[WhiteElo "1704"]
[BlackElo "1822"]
[PlyCount "127"]
[EventDate "2001.11.17"]

1. c4 e5 2. g3 f5 3. Bg2 Nf6 4. Nc3 c6 5. d4 e4 6. Nh3 d5 7. cxd5 cxd5 8. Bg5
Nbd7 9. Nf4 Nb6 10. Bxf6 gxf6 11. Qb3 Kf7 12. Ncxd5 Be6 13. Nxe6 Qxd5 14. Qxd5
Nxd5 15. Nf4 Bb4+ 16. Kd1 Nxf4 17. gxf4 Rhg8 18. Bh3 Ke6 19. a3 Ba5 20. b4 Bb6
21. e3 Rac8 22. Rc1 h6 23. Kd2 a6 24. Rxc8 Rxc8 25. Rg1 a5 26. Rg7 Rc7 27. Rxc7
Bxc7 28. Kc3 axb4+ 29. axb4 Kd5 30. Bxf5 b6 31. Bh7 Bd8 32. b5 Be7 33. Bg8+ Kd6
34. Kc4 f5 35. d5 Bh4 36. Bh7 Bxf2 37. Kd4 h5 38. Bxf5 Bh4 39. Bxe4 Bf6+ 40.
Kc4 Bb2 41. Bg6 h4 42. e4 h3 43. e5+ Ke7 44. Kd3 Ba3 45. Ke4 Bc5 46. d6+ Kd8
47. Kf3 Bg1 48. Kg3 Be3 49. f5 Bd4 50. e6 Be5+ 51. Kxh3 Bxd6 52. Kg2 Ke7 53. h4
Kf6 54. Kf3 Bf8 55. Ke4 Bc5 56. Kd5 Kg7 57. Kc6 Kf6 58. Kd7 Bf8 59. h5 Bc5 60.
h6 Bf8 61. h7 Kg7 62. e7 Bxe7 63. Kxe7 Kh8 64. Kd6 1-0

[Event "V Weekend"]
[Site "Castelfidardo ITA"]
[Date "2001.11.24"]
[Round "4"]
[White "Ragnini, Damiano"]
[Black "Recchi, Antonio"]
[Result "0-1"]
[WhiteElo "1296"]
[BlackElo "1669"]
[PlyCount "62"]
[EventDate "2001.11.17"]

1. e4 c5 2. Nf3 Nc6 3. d4 cxd4 4. Nxd4 Nf6 5. Nc3 d6 6. Nxc6 bxc6 7. e5 Ng4 8.
exd6 exd6 9. Qf3 Ne5 10. Qf4 Rb8 11. b3 Be7 12. Bb2 Bg5 13. Qd4 Qe7 14. Ne4 Kd7
15. Qxa7+ Rb7 16. Qd4 Kc7 17. Ba3 c5 18. Qa4 Nc6 19. Ba6 Ra7 20. Bxc5 dxc5 21.
f3 f5 22. Kf2 fxe4 23. Rhe1 e3+ 24. Kg1 Bxa6 25. Qg4 h5 26. Qg3+ Qe5 27. Qxe5+
Nxe5 28. h4 Bf4 29. Red1 e2 30. Rd5 Kc6 31. c4 Rd7 0-1

[Event "V Weekend"]
[Site "Castelfidardo ITA"]
[Date "2001.11.25"]
[Round "5"]
[White "Baleani, Emanuele"]
[Black "Padovani, Alessio"]
[Result "0-1"]
[WhiteElo "1572"]
[BlackElo "1704"]
[PlyCount "78"]
[EventDate "2001.11.17"]

1. e4 e5 2. Nf3 d6 3. Bc4 Be7 4. d4 Nc6 5. dxe5 Nxe5 6. Nxe5 dxe5 7. Qh5 g6 8.
Qxe5 Nf6 9. Bh6 Rg8 10. Qb5+ Qd7 11. Qb3 Bf8 12. Bxf8 Kxf8 13. Nc3 Kg7 14. O-O
c6 15. e5 Ng4 16. Rfe1 Qc7 17. f4 b5 18. Be2 Qb6+ 19. Kh1 Nf2+ 20. Kg1 Nd3+ 21.
Kh1 Nxe1 22. Rxe1 Be6 23. Qb4 Rge8 24. Ne4 a5 25. Qc5 Qxc5 26. Nxc5 Bxa2 27. b3
a4 28. Bf3 axb3 29. cxb3 Rec8 30. Bg4 Re8 31. Bf3 Ra3 32. Ra1 b4 33. Be2 Bxb3
34. Rxa3 bxa3 35. Nxb3 Rb8 36. Bc4 a2 37. h3 Rxb3 38. Bxb3 a1=Q+ 39. Kh2 Qd4
0-1

[Event "V Weekend"]
[Site "Castelfidardo ITA"]
[Date "2001.11.25"]
[Round "5"]
[White "Bruno, Fabio"]
[Black "Rinaudo, Andrea"]
[Result "1-0"]
[WhiteElo "2264"]
[BlackElo "1822"]
[PlyCount "55"]
[EventDate "2001.11.17"]

1. d4 Nf6 2. Bg5 Ne4 3. Bf4 c5 4. f3 Nf6 5. d5 d6 6. e4 a6 7. a4 g6 8. Ne2 Bg7
9. Nec3 O-O 10. Nd2 Nh5 11. Be3 Qa5 12. Nc4 Bxc3+ 13. bxc3 Qxc3+ 14. Kf2 Nd7
15. g4 Qf6 16. gxh5 Qh4+ 17. Kg2 Qxh5 18. f4 Qxd1 19. Rxd1 b5 20. Na5 b4 21.
Nc4 f6 22. a5 Rb8 23. h4 h5 24. Be2 Kh7 25. Kf2 Rg8 26. Rhg1 Nf8 27. Nb6 Bb7
28. f5 1-0

[Event "V Weekend"]
[Site "Castelfidardo ITA"]
[Date "2001.11.25"]
[Round "5"]
[White "Esposito, Salvatore"]
[Black "Gaoni, Vincenzo"]
[Result "0-1"]
[WhiteElo "1659"]
[BlackElo "1800"]
[PlyCount "136"]
[EventDate "2001.11.17"]

1. e4 c5 2. b3 Nc6 3. Bb2 d6 4. g3 Nf6 5. Bg2 Bd7 6. Ne2 g6 7. O-O Bg7 8. d3
O-O 9. c4 Qc8 10. Nbc3 Bg4 11. f3 Bh3 12. Nf4 Bxg2 13. Kxg2 Qd7 14. Nce2 Ng4
15. fxg4 Bxb2 16. Rb1 Bg7 17. h3 e6 18. Ng1 Ne7 19. Nf3 d5 20. Qe2 Rfe8 21.
Rbd1 Qc7 22. h4 Rad8 23. h5 a6 24. Ng5 Nc6 25. hxg6 hxg6 26. Kh1 Qe7 27. Nfh3
Ne5 28. d4 cxd4 29. Rxd4 Bh6 30. exd5 exd5 31. Nf3 Nxf3 32. Qxe7 Rxe7 33. Rxf3
Re1+ 34. Kg2 Re2+ 35. Rf2 Re4 36. Rxd5 Rxd5 37. cxd5 Rd4 38. g5 Bg7 39. Nf4 Be5
40. Rc2 Kf8 41. Rc8+ Ke7 42. Kf3 Kd7 43. Rc4 Rd2 44. Ke4 Bd6 45. a4 Rb2 46. Rc3
Ke7 47. Kd3 Rf2 48. Ke3 Rb2 49. Ne2 Rb1 50. Kf3 Rb2 51. Nf4 Rd2 52. Re3+ Kd7
53. Nd3 Rd1 54. Kg4 Rg1 55. b4 Rb1 56. Nc5+ Kc7 57. Re4 Rc1 58. Nd3 Rc3 59. Rd4
Ra3 60. Rc4+ Kd7 61. a5 Ra1 62. Rf4 Bxf4 63. gxf4 Rg1+ 64. Kf3 Ra1 65. Ke4 Kd6
66. Nc5 Kc7 67. Ke5 Re1+ 68. Kf6 Rf1 0-1

[Event "V Weekend"]
[Site "Castelfidardo ITA"]
[Date "2001.11.25"]
[Round "5"]
[White "Marinucci, Johnny"]
[Black "Marconi, Andrea"]
[Result "0-1"]
[WhiteElo "1401"]
[BlackElo "1417"]
[PlyCount "126"]
[EventDate "2001.11.17"]

1. d4 Nf6 2. Nf3 d6 3. Bf4 g6 4. e3 Bg7 5. h3 O-O 6. Be2 c6 7. O-O Nbd7 8. c3
Re8 9. a4 a5 10. b4 axb4 11. cxb4 Nd5 12. Qb3 Nxf4 13. exf4 Nf6 14. Nc3 Be6 15.
Bc4 d5 16. Bd3 Qd7 17. Ne5 Qc8 18. Be2 h5 19. Qd1 Bh6 20. Qd2 Rd8 21. Qe3 Nd7
22. Qg3 Nxe5 23. fxe5 Kh7 24. Bd3 Rg8 25. Qh4 Qd7 26. Qxh5 Kg7 27. Qf3 Rh8 28.
Ne2 Bd2 29. Nf4 Bxf4 30. Qxf4 Rh7 31. Be2 Bxh3 32. Ra3 Bf5 33. Rc1 Rah8 34. f3
Rh1+ 35. Kf2 Rxc1 36. Qxc1 Rh2 37. Qf4 Rh6 38. Ra1 Qd8 39. a5 e6 40. Rc1 Rh4
41. Qe3 Rh2 42. Rg1 Qh4+ 43. Kf1 Rh1 44. Qf2 Rxg1+ 45. Kxg1 Qf4 46. Bf1 Qc1 47.
Qh4 g5 48. Qf2 Kg6 49. g3 Bd3 50. Kg2 Bxf1+ 51. Qxf1 Qd2+ 52. Qf2 Qxb4 53. Qc2+
Kg7 54. Kh3 Qxd4 55. a6 bxa6 56. Qxc6 Qxe5 57. Qxa6 d4 58. Qa1 Kg6 59. g4 Qe3
60. Qb1+ Kf6 61. Qh7 Qxf3+ 62. Kh2 Qf2+ 63. Kh3 Qh4+ 0-1

[Event "V Weekend"]
[Site "Castelfidardo ITA"]
[Date "2001.11.25"]
[Round "5"]
[White "Morici, Marco"]
[Black "Nagni, Marco"]
[Result "1-0"]
[WhiteElo "1627"]
[BlackElo "1549"]
[PlyCount "151"]
[EventDate "2001.11.17"]

1. c4 e6 2. Nc3 d5 3. cxd5 exd5 4. d4 c6 5. Nf3 Nf6 6. Bg5 Be7 7. e3 h6 8. Bh4
O-O 9. Be2 Qb6 10. Qc2 Re8 11. O-O Qc7 12. Bg3 Qd8 13. Rac1 Nbd7 14. Ne5 c5 15.
Nxd7 Bxd7 16. dxc5 Rc8 17. b4 b6 18. Na4 bxc5 19. Nxc5 Ne4 20. Ba6 Nxg3 21.
hxg3 Rc7 22. Qd2 Be6 23. a3 Qd6 24. Nxe6 fxe6 25. Rxc7 Qxc7 26. Rc1 Qb6 27. Be2
Qb7 28. Qc2 Bf6 29. Qc6 Re7 30. Bg4 Kf7 31. Qxb7 Rxb7 32. Rc6 Re7 33. a4 g6 34.
b5 h5 35. Be2 Rb7 36. a5 Be5 37. b6 axb6 38. axb6 Ke7 39. Ba6 Rb8 40. b7 Rd8
41. Rc8 Bb8 42. Rxd8 Kxd8 43. Bd3 g5 44. Bg6 h4 45. gxh4 gxh4 46. Bf7 Ke7 47.
Bg8 Kf8 48. Bh7 Kg7 49. Bd3 e5 50. Kf1 Kf6 51. Ke2 Bc7 52. Bb5 d4 53. Kd3 dxe3
54. Kxe3 Bb8 55. Kf3 Kf5 56. Bd7+ Kg5 57. Ke4 Kf6 58. Kd5 Ke7 59. Bh3 Kf6 60.
Kc6 Ke7 61. g3 hxg3 62. fxg3 e4 63. g4 Kf6 64. Bf1 Ke7 65. Kd5 e3 66. Be2 Kd7
67. g5 Ke7 68. Ke4 Ke6 69. Bg4+ Kf7 70. Kf5 Kg7 71. Bh5 Kf8 72. Kg6 Kg8 73. Be2
Bc7 74. Bc4+ Kf8 75. Kh7 Ke8 76. g6 1-0

[Event "V Weekend"]
[Site "Castelfidardo ITA"]
[Date "2001.11.25"]
[Round "5"]
[White "Ragnini, Damiano"]
[Black "Mircoli, Filippo"]
[Result "0-1"]
[WhiteElo "1296"]
[BlackElo "1576"]
[PlyCount "64"]
[EventDate "2001.11.17"]

1. e4 c5 2. Nf3 Nc6 3. d4 cxd4 4. Nxd4 e6 5. Nxc6 bxc6 6. Be3 Nf6 7. Bd3 Rb8 8.
b3 Be7 9. O-O c5 10. c4 d6 11. Nc3 O-O 12. Qc2 e5 13. Bg5 Bb7 14. Bxf6 Bxf6 15.
Nd5 Bxd5 16. exd5 e4 17. Bxe4 Bxa1 18. Rxa1 f5 19. Bxf5 g6 20. Bxg6 Rb7 21. Bf5
Qf6 22. Be6+ Kh8 23. Re1 a5 24. a4 Rxb3 25. f3 Qd4+ 26. Kh1 Rb2 27. Qc1 Rfb8
28. Bf5 Qg7 29. Bc2 Qc3 30. Re2 Ra2 31. Qb1 Rxb1+ 32. Bxb1 Qc1+ 0-1

[Event "V Weekend"]
[Site "Castelfidardo ITA"]
[Date "2001.11.25"]
[Round "5"]
[White "Recchi, Antonio"]
[Black "Giobbi, Costantino"]
[Result "1-0"]
[WhiteElo "1669"]
[BlackElo "1686"]
[PlyCount "59"]
[EventDate "2001.11.17"]

1. c4 c6 2. Nc3 d5 3. cxd5 cxd5 4. d4 Nf6 5. Bf4 Nc6 6. Nf3 Qb6 7. e3 Bg4 8.
Qd2 Bxf3 9. gxf3 e6 10. Nb5 Bb4 11. Nc3 Rc8 12. Bd3 a6 13. Ke2 Na5 14. Rhg1 Nc4
15. Qc2 Rc6 16. Bxc4 Rxc4 17. Rxg7 Qc6 18. Rc1 Nh5 19. Rg4 Nxf4+ 20. Rxf4 Bd6
21. Rh4 b5 22. b3 Ba3 23. bxc4 Bxc1 24. Qxc1 Qxc4+ 25. Kd2 Kd7 26. Qb2 b4 27.
Na4 Qf1 28. Nc5+ Kd6 29. Nd3 a5 30. Qc1 1-0

[Event "V Weekend"]
[Site "Castelfidardo ITA"]
[Date "2001.11.25"]
[Round "5"]
[White "Tittarelli, Adriano"]
[Black "Bonoli, Luciano"]
[Result "1/2-1/2"]
[WhiteElo "1551"]
[BlackElo "1723"]
[PlyCount "107"]
[EventDate "2001.11.17"]

1. d4 Nf6 2. Nf3 g6 3. Bg5 Bg7 4. e3 c6 5. Nbd2 d6 6. Bd3 O-O 7. O-O Nbd7 8. c3
Qc7 9. Qc2 Re8 10. h3 e5 11. Rac1 d5 12. dxe5 Nxe5 13. Nxe5 Qxe5 14. Bf4 Qe7
15. Rfe1 Nh5 16. Bh2 Be5 17. Bxe5 Qxe5 18. Nf3 Qf6 19. Nh2 Bd7 20. Be2 Kh8 21.
Qd1 Ng7 22. Ng4 Qg5 23. Kh1 h5 24. Nh2 Nf5 25. Nf3 Qh6 26. c4 Be6 27. Nd4 Nd6
28. Nxe6 fxe6 29. cxd5 exd5 30. Qd4+ Kg8 31. Bd3 Ne4 32. Kg1 a6 33. Rcd1 Re6
34. Qb4 Qg7 35. Bxe4 Rxe4 36. Qb3 Rae8 37. f3 R4e6 38. Rd2 Kh7 39. Rde2 Qc7 40.
Qd3 Qb6 41. b3 Qc7 42. e4 Qb6+ 43. Kh1 d4 44. Rc1 Qa7 45. Rec2 Rd8 46. Rc5 Qb8
47. R5c4 Qe5 48. b4 Red6 49. Rc5 Qf4 50. Re1 b6 51. Rc2 Qg3 52. Rec1 Qf4 53.
Re1 b5 54. a3 1/2-1/2

[Event "V Weekend"]
[Site "Castelfidardo ITA"]
[Date "2001.11.25"]
[Round "6"]
[White "Esposito, Salvatore"]
[Black "Marinucci, Johnny"]
[Result "1-0"]
[WhiteElo "1659"]
[BlackElo "1401"]
[PlyCount "137"]
[EventDate "2001.11.17"]

1. e4 Nf6 2. e5 Nd5 3. c4 Nb6 4. d4 d6 5. f4 dxe5 6. fxe5 Nc6 7. Nf3 Bg4 8. Be3
Bxf3 9. gxf3 e6 10. Nc3 Qh4+ 11. Bf2 Qf4 12. Ne2 Bb4+ 13. Nc3 O-O-O 14. Qd2
Qxd2+ 15. Kxd2 Nxe5 16. Kc2 Nexc4 17. a3 Be7 18. a4 Bf6 19. a5 Nd5 20. Bxc4 Ne7
21. Rad1 Nc6 22. a6 Nxd4+ 23. Bxd4 Bxd4 24. Nb5 Bb6 25. Rxd8+ Rxd8 26. axb7+
Kxb7 27. Rd1 Rxd1 28. Kxd1 Kc6 29. b3 Kd7 30. Ke2 g5 31. Nc3 f5 32. h3 h6 33.
Kd3 Kd6 34. Ne2 Ke5 35. Bb5 Kd6 36. Ng3 Ke7 37. Bc4 Bf2 38. Ne2 h5 39. Nc3 g4
40. fxg4 hxg4 41. Ke2 g3 42. Kf3 f4 43. Bf1 e5 44. Bg2 c5 45. Ke4 Ke6 46. h4 a5
47. Na4 Kf6 48. h5 Bd4 49. Kd5 Kg5 50. Bf3 g2 51. Bxg2 Kxh5 52. Nxc5 Kg4 53.
Ne6 Bc3 54. Ke4 Kg3 55. Bf3 Bb4 56. Nd8 Bd2 57. Nc6 Bc3 58. Bd1 Bd2 59. Nxe5
Bb4 60. Nd3 Bf8 61. Nxf4 Bb4 62. Nd3 Bc3 63. Kd5 Bd2 64. Ne5 Kf2 65. Nc6 Ke1
66. Bh5 Bc3 67. Kc4 Kd2 68. Kb5 Kc2 69. Bf7 1-0

[Event "V Weekend"]
[Site "Castelfidardo ITA"]
[Date "2001.11.25"]
[Round "6"]
[White "Gaoni, Vincenzo"]
[Black "Bonoli, Luciano"]
[Result "1/2-1/2"]
[WhiteElo "1800"]
[BlackElo "1723"]
[PlyCount "113"]
[EventDate "2001.11.17"]

1. e4 d6 2. d4 Nf6 3. Nc3 g6 4. Bg5 Bg7 5. Qd2 h5 6. Nf3 c6 7. Bd3 Qc7 8. h3
Nbd7 9. O-O e5 10. dxe5 dxe5 11. Rfe1 Nc5 12. Bf1 Be6 13. Rad1 Ke7 14. Be3 b6
15. Ng5 Rhd8 16. Qc1 Nb7 17. Nxe6 Kxe6 18. f3 Ke7 19. Rd3 Kf8 20. Red1 Rxd3 21.
Rxd3 Rd8 22. Qd2 Rxd3 23. Qxd3 Nd8 24. Qd2 Ne6 25. Bc4 Nf4 26. Ne2 Nxe2+ 27.
Bxe2 Qd7 28. Qxd7 Nxd7 29. b3 h4 30. Bg5 Bf6 31. Bxf6 Nxf6 32. Ba6 Ke7 33. Kf2
Nh5 34. a4 Nf4 35. Bc4 f6 36. c3 Nh5 37. b4 f5 38. Bd3 f4 39. Bc4 Ng7 40. Ke2
Ne8 41. Kd3 g5 42. Bb3 Kd6 43. c4 Nc7 44. Kc3 a5 45. c5+ bxc5 46. bxa5 c4 47.
Bxc4 Kc5 48. a6 Kb6 49. Kb4 c5+ 50. Kb3 Ka7 51. a5 Ne8 52. Ka4 Nd6 53. Kb3 Kb8
54. Bd5 Ka7 55. Bb7 Kb8 56. Bd5 Ka7 57. Bb7 1/2-1/2

[Event "V Weekend"]
[Site "Castelfidardo ITA"]
[Date "2001.11.25"]
[Round "6"]
[White "Giobbi, Costantino"]
[Black "Mircoli, Filippo"]
[Result "1-0"]
[WhiteElo "1686"]
[BlackElo "1576"]
[PlyCount "57"]
[EventDate "2001.11.17"]

1. d4 Nf6 2. c4 e6 3. Nc3 Bb4 4. Qc2 d5 5. Bg5 h6 6. Bh4 O-O 7. e3 Be7 8. Nf3
Nbd7 9. Bd3 c5 10. Rd1 cxd4 11. exd4 dxc4 12. Bxc4 b6 13. O-O Bb7 14. Ne5 Qc8
15. Qe2 Re8 16. Nxf7 Qc6 17. Nxh6+ Kf8 18. f3 gxh6 19. Bxe6 Bb4 20. Bxd7 Nxd7
21. Qd3 Bxc3 22. bxc3 a5 23. Qf5+ Kg7 24. d5 Qc5+ 25. Bf2 Qd6 26. Qg4+ Kf7 27.
Rfe1 Ne5 28. Qh5+ Qg6 29. Rxe5 1-0

[Event "V Weekend"]
[Site "Castelfidardo ITA"]
[Date "2001.11.25"]
[Round "6"]
[White "Marconi, Andrea"]
[Black "Ragnini, Damiano"]
[Result "0-1"]
[WhiteElo "1417"]
[BlackElo "1296"]
[PlyCount "88"]
[EventDate "2001.11.17"]

1. Nf3 b6 2. e3 a5 3. b3 e6 4. Bb2 Nf6 5. Be2 c5 6. d4 cxd4 7. Bxd4 Be7 8. Nbd2
Ba6 9. Bxa6 Nxa6 10. Nc4 Bc5 11. Bxc5 Nxc5 12. Nd6+ Ke7 13. Ng5 Rf8 14. Qd4 h6
15. Nf3 Ne8 16. Nxe8 Qxe8 17. Rd1 f6 18. Qd6+ Kf7 19. Qxb6 Qe7 20. O-O d5 21.
Qb5 Ne4 22. Rd3 Rfb8 23. Qa4 Nc5 24. Qf4 Nxd3 25. cxd3 e5 26. Qg4 Rh8 27. Nh4
g5 28. Qh5+ Ke6 29. Qg4+ Kf7 30. Rc1 gxh4 31. Qh5+ Ke6 32. Qg4+ Kd6 33. Qa4
Rhc8 34. Rf1 Rc6 35. h3 e4 36. dxe4 Qxe4 37. Qa3+ Qb4 38. Qb2 Qc3 39. Qe2 Qe5
40. f4 Qe4 41. Rf3 Rc2 42. Qb5 Rg8 43. Qb6+ Rc6 44. Rg3 Rxb6 0-1

[Event "V Weekend"]
[Site "Castelfidardo ITA"]
[Date "2001.11.25"]
[Round "6"]
[White "Nagni, Marco"]
[Black "Tittarelli, Adriano"]
[Result "0-1"]
[WhiteElo "1549"]
[BlackElo "1551"]
[PlyCount "106"]
[EventDate "2001.11.17"]

1. d4 d5 2. c4 Nf6 3. cxd5 Nxd5 4. Nf3 e6 5. e4 Nf6 6. Bd3 Nbd7 7. Bg5 Be7 8.
Nc3 c6 9. O-O h6 10. Bh4 Nh7 11. Bg3 Ng5 12. Nd2 Nb6 13. Nb3 Bd6 14. f4 Nh7 15.
Qc2 Be7 16. e5 Nf8 17. f5 Nd5 18. Nxd5 exd5 19. Rae1 Bh4 20. f6 g5 21. Qf2 Bxg3
22. Qxg3 Ne6 23. Bf5 Qb6 24. Bxe6 Bxe6 25. Qc3 O-O-O 26. Nc5 Rde8 27. Nxe6 Rxe6
28. Rc1 Rxe5 29. Kh1 Re4 30. Rcd1 Qc7 31. b4 Rhe8 32. Rc1 R8e6 33. a4 Qb6 34.
Rcd1 Re3 35. Qc2 Re2 36. Qc3 R6e3 37. Rd3 Rxd3 38. Qxd3 Re6 39. b5 Qc7 40. bxc6
Qxc6 41. Qh7 Qe8 42. Rc1+ Kb8 43. h3 Rxf6 44. h4 Re6 45. hxg5 hxg5 46. Qd3 Re4
47. Qg3+ Ka8 48. Qxg5 Qh8+ 49. Kg1 Qxd4+ 50. Kf1 Rf4+ 51. Ke2 Qe4+ 52. Kd2 Rf2+
53. Kc3 Qc4# 0-1

[Event "V Weekend"]
[Site "Castelfidardo ITA"]
[Date "2001.11.25"]
[Round "6"]
[White "Padovani, Alessio"]
[Black "Fioravanti, Emidio"]
[Result "0-1"]
[WhiteElo "1704"]
[BlackElo "1720"]
[PlyCount "96"]
[EventDate "2001.11.17"]

1. c4 Nf6 2. g3 e5 3. Bg2 Bc5 4. Nc3 O-O 5. a3 c6 6. e3 Re8 7. b4 Bf8 8. Nf3 e4
9. Ng5 d5 10. cxd5 cxd5 11. O-O h6 12. Nh3 Bg4 13. Qb3 g5 14. Kh1 Qd7 15. Ng1
Be6 16. Qc2 g4 17. Nce2 Rc8 18. Qb1 Bg7 19. Bb2 Nc6 20. Nd4 Nxd4 21. Bxd4 Qa4
22. Rc1 Rxc1 23. Qxc1 Rc8 24. Qd1 Qxd1 25. Rxd1 b6 26. Ne2 Rc2 27. Bc3 Ne8 28.
Nd4 Bxd4 29. exd4 Nd6 30. Bf1 Bd7 31. Be2 Nb5 32. Bxb5 Bxb5 33. Re1 f5 34. Kg1
Kf7 35. Kg2 Kg6 36. h4 h5 37. Kg1 f4 38. a4 Bxa4 39. gxf4 Kf5 40. Ra1 b5 41.
Kg2 Kxf4 42. Rb1 a6 43. Kh2 Kf3 44. Kg1 g3 45. fxg3 Kxg3 46. Kh1 e3 47. Rd1 Kh3
48. Kg1 Rxc3 0-1

[Event "V Weekend"]
[Site "Castelfidardo ITA"]
[Date "2001.11.25"]
[Round "6"]
[White "Recchi, Antonio"]
[Black "Bruno, Fabio"]
[Result "1/2-1/2"]
[WhiteElo "1669"]
[BlackElo "2264"]
[PlyCount "35"]
[EventDate "2001.11.17"]

1. c4 e6 2. e4 c5 3. Nc3 Nc6 4. Nf3 d6 5. d4 cxd4 6. Nxd4 a6 7. Nc2 Nf6 8. Be2
Qc7 9. b3 Be7 10. O-O O-O 11. Bb2 Bd7 12. Rc1 Rfc8 13. f4 Be8 14. Kh1 Rab8 15.
Ne3 Qa5 16. f5 Ne5 17. fxe6 fxe6 18. Ng4 1/2-1/2

[Event "V Weekend"]
[Site "Castelfidardo ITA"]
[Date "2001.11.25"]
[Round "6"]
[White "Rinaudo, Sergio"]
[Black "Morici, Marco"]
[Result "1-0"]
[WhiteElo "1768"]
[BlackElo "1627"]
[PlyCount "45"]
[EventDate "2001.11.17"]

1. d4 e6 2. Nf3 Nf6 3. e3 b6 4. Bd3 Bb7 5. Nbd2 d5 6. O-O Nbd7 7. c4 c6 8. Qe2
Be7 9. b3 O-O 10. Bb2 Re8 11. Rfd1 Rc8 12. e4 dxe4 13. Nxe4 Nxe4 14. Qxe4 Nf6
15. Qh4 h6 16. Ne5 Nh7 17. Qh5 Rf8 18. Nxf7 Nf6 19. Nxh6+ gxh6 20. Qg6+ Kh8 21.
Qxh6+ Kg8 22. Qg6+ Kh8 23. d5 1-0

[Event "VIII Trofeo Due Mari A"]
[Site "Taranto ITA"]
[Date "2001.11.17"]
[Round "1"]
[White "Lorusso, Lucio"]
[Black "Indelicati, Giuseppe"]
[Result "0-1"]
[WhiteElo "1836"]
[BlackElo "2221"]
[PlyCount "112"]
[EventDate "2001.11.17"]

1. e4 e5 2. Nf3 Nc6 3. Bc4 Nf6 4. Ng5 d5 5. exd5 Na5 6. Bb5+ c6 7. dxc6 bxc6 8.
Be2 h6 9. Nf3 e4 10. Ne5 Qd4 11. f4 Bc5 12. Rf1 Qd8 13. c3 Nd5 14. Qa4 O-O 15.
b4 Qh4+ 16. Kd1 Rd8 17. Kc2 Qxh2 18. bxc5 Qxg2 19. Qxa5 Bf5 20. Qa6 Rab8 21.
Bb2 Nc7 22. Qc4 Be6 23. Rg1 Qxg1 24. Qxe4 g6 25. Qe3 Bf5+ 26. Bd3 Rxd3 27. Nxd3
Qxe3 28. dxe3 Rd8 29. Nd2 Bxd3+ 30. Kd1 Nd5 31. Nf3 Nxe3+ 32. Kc1 Ng2 33. Nd4
Nxf4 34. Nxc6 Re8 35. c4 Re1+ 36. Kd2 Re2+ 37. Kc3 Rc2+ 38. Kb3 Rxc4 39. Re1
Ne6 40. Rxe6 fxe6 41. Ne5 Rxc5 42. Nxd3 Rf5 43. Kc4 h5 44. Kd4 h4 45. Ke3 g5
46. Nf2 Kf7 47. Ng4 Kg6 48. Be5 h3 49. Bh2 Ra5 50. Kf2 Rxa2+ 51. Kg3 Ra3+ 52.
Kf2 Kf5 53. Ne3+ Ke4 54. Nc4 Ra2+ 55. Kg3 g4 56. Bg1 Rg2+ 0-1